000 00624nam a2200241Ia 4500
001 48896
005 20240114003928.0
007 ta
008 090521s g b000 u 465 u
040 _aCotton College,Assam
041 _a465
082 _a951
_bH 343 H
100 _aHeadland, Isaac Taylor .
245 0 _aHome Life in China /
_cIsaac Taylor Headland.
_hTextual Documents
250 _a1st ed /
260 _aLondon :
_bMethuen and Co. Ltd. ,
_cnd.
300 _a319p ;
_c23 cm.
653 _aHistory
653 _aT/G-History
942 _2ddc
_cBK
999 _c48861
_d48861